Tablas de logaritmos: trigonométricas y de constantes usuales
שמור ב:
| מחבר ראשי: | |
|---|---|
| פורמט: | ספר |
| שפה: | ספרדית |
| יצא לאור: |
Barcelona
Gustavo Gili
1973
|
| מהדורה: | 14a. ed |
| נושאים: | |
| תגים: |
הוספת תג
אין תגיות, היה/י הראשונ/ה לתייג את הרשומה!
|
MARC
| LEADER | 00000nam a2200000 a 4500 | ||
|---|---|---|---|
| 001 | UCJ9405 | ||
| 003 | CL-VaPUC | ||
| 008 | 070316e19730000SP |||||||||||||||||spa|d | ||
| 020 | |a 8425202175 | ||
| 082 | 0 | 4 | |a 512.7 |b SCH |2 21 |
| 100 | 0 | |a Schlömilch, O |e author |9 519394 | |
| 245 | 1 | 0 | |a Tablas de logaritmos: trigonométricas y de constantes usuales |
| 250 | |a 14a. ed | ||
| 300 | |a 212 p | ||
| 942 | |c BK | ||
| 945 | |d 20070316 00:00:00 |a cmena | ||
| 260 | |a Barcelona |b Gustavo Gili |c 1973 | ||
| 650 | 7 | |a TABLAS MATEMATICAS |2 CL-VaPUC |9 260265 | |
| 650 | 0 | |a Logaritmos |9 260266 | |
| 650 | 0 | |a Análisis numérico |9 259387 | |
| 650 | 0 | |a Funciones logarítmicas |9 358858 | |
| 650 | 0 | |a Números |9 265328 | |
| 583 | |a last modification |c 20070316 00:00:00 |k Rodrigo Vera | ||
| 999 | |c 324933 |d 324931 | ||
| 952 | |0 0 |1 0 |4 0 |6 512_700000000000000_SCH_1973 |7 0 |8 P |9 405330 |a BIBARQ |b BIBARQ |d 2019-11-22 |i 425810K |o 512.7 SCH 1973 |p 425810K |r 2025-01-20 |w 2019-11-22 |y BK |k ARQ | ||